Paul Walker Movies Quiz Stats

 Plays Quiz Updated Apr 14, 2014

Score 0/27 Timer 06:00
0 Plays Today
Year Movie % Correct
2001The Fast and the Furious
98.9%
2009Fast & Furious
98.9%
20032 Fast 2 Furious
85.8%
2011Fast Five
78.6%
2013Fast & Furious 6
62.3%
1999Varsity Blues
36.8%
2005Into the Blue
29.2%
1999She's All That
27.5%
2000The Skulls
23.2%
2006Running Scared
21.8%
2006Eight Below
21.2%
1998Pleasantville
19.2%
2001Joy Ride
19.2%
2013Hours
16%
Year Movie % Correct
1998Meet the Deedles
15.6%
2010Takers
14.1%
2014Brick Mansions
14%
2003Timeline
13.8%
2006Flags of Our Fathers
10.9%
2013Vehicle 19
9.8%
2008The Lazarus Project
9.6%
2007The Death and Life of Bobby Z
9.5%
2004Noel
9.4%
1986Monster in the Closet
8%
2013Pawn Shop Chronicles
7.9%
1994Tammy and the T-Rex
7%
1987Programmed to Kill
5.4%

You're not logged in!

Compare scores with friends on all Sporcle quizzes.
OR
Log In

Sporcle TV

Today on Sporcle TV


Watch our educational content, quiz creation guides, and fun videos on Sporcle TV.

Show Comments

Extras

Top Quizzes Today


Score Distribution

Your Account Isn't Verified!

In order to create a playlist on Sporcle, you need to verify the email address you used during registration. Go to your Sporcle Settings to finish the process.

Report this User

Report this user for behavior that violates our Community Guidelines.

Details: